[Event "Tournament (Elo)"]
[Site "masterchessopen.com Nevinnomyssk (Russia)"]
[Date "2010.02.04"]
[Round "6"]
[White "Grigoryan Artur (RUS)"]
[Black "Suprunenko Yury (RUS)"]
[Result "1-0"]
[WhiteElo "2407"]
[BlackElo "2168"]

1.e4 c5 2.Nc3 Nc6 3.g3 g6 4.Bg2 Bg7 5.d3 e6 6.Be3 Nd4 7.Nce2 Nxe2 8.Nxe2 Bxb2
9.Rb1 Qa5+ 10.Bd2 Qxa2 11.Rxb2 Qxb2 12.Bc3 Qb6 13.Bxh8 f6 14.e5 f5 15.O-O Qc7
16.d4 cxd4 17.Nxd4 a6 18.Qd2 Rb8 19.h4 Qc5 20.Rd1 b5 21.h5 Qe7 22.Qe3 {#r} 1-0

[Event "Ch YuzhnyFO (open)"]
[Site "masterchessopen.com Armavir (Russia)"]
[Round "3"]
[White "Vishnjakova Svetlana (RUS)"]
[Black "Kudelya Igor (RUS)"]
[Result "1-0"]
[WhiteElo "2223"]
[BlackElo "1971"]

1.e4 c5 2.Nc3 Nc6 3.g3 g6 4.Bg2 Bg7 5.d3 e6 6.Be3 Nd4 7.Qd2 Rb8 8.Nd1 d6 9.c3
Nc6 10.Ne2 Nge7 11.Bh6 Kf8 12.h4 Ne5 13.h5 Nxd3+ 14.Kf1 Ne5 15.hxg6 hxg6
16.Bxg7+ Kxg7 17.Rxh8 Qxh8 18.Qxd6 {#r} 1-0

[Event "Tournament"]
[Site "masterchessopen.com Rio de Janeiro (Brazil)"]
[Date "2010.04.24"]
[Round "3"]
[White "Rangel Daniel (BRA)"]
[Black "Carvalho Renato Luiz (BRA)"]
[Result "1-0"]
[WhiteElo "2072"]
[BlackElo "2096"]

1.e4 c5 2.Nc3 Nc6 3.g3 g6 4.Bg2 Bg7 5.d3 e6 6.Be3 Nd4 7.Qd2 d6 8.Nd1 Qc7 9.c3
Nc6 10.Ne2 Nf6 11.h3 e5 12.d4 c4 13.O-O b5 14.f4 Bb7 15.d5 exf4 16.dxc6 {#r}
1-0

[Event "It (open)"]
[Site "masterchessopen.com Oberwart (Austria)"]
[Date "2010.07.16"]
[Round "7"]
[White "Sandhoefner Florian (AUT)"]
[Black "Mihok Oliver (GER)"]
[Result "0-1"]
[WhiteElo "2243"]
[BlackElo "2463"]

1.e4 c5 2.Nc3 Nc6 3.g3 g6 4.Bg2 Bg7 5.d3 Rb8 6.a4 d6 7.f4 e6 8.Nf3 Nge7 9.O-O
O-O 10.Be3 Nd4 11.e5 Nef5 12.Bf2 Nxf3+ 13.Bxf3 Nd4 14.Re1 Nxf3+ 15.Qxf3 b6
16.Rad1 Bb7 17.Qe2 dxe5 18.fxe5 Qc7 19.d4 Rbd8 20.Kf1 cxd4 21.Bxd4 Qc6 22.Ne4
Qxa4 23.Nf6+ Bxf6 {#R} 0-1

[Event "It (open)"]
[Site "masterchessopen.com Charala (Colombia)"]
[Date "2010.07.19"]
[Round "5"]
[White "Valderrama Castano Julian Cami"]
[Black "Martinez Jorge Alexander (COL)"]
[Result "0-1"]
[WhiteElo "2000"]
[BlackElo "2184"]

1.e4 c5 2.Nc3 Nc6 3.g3 g6 4.Bg2 Bg7 5.d3 e6 6.Be3 Nd4 7.Qd2 Ne7 8.Nd1 d6 9.c3
Ndc6 10.Ne2 b6 11.O-O Ba6 12.Nf4 Rc8 13.Kh1 O-O 14.h3 d5 15.exd5 exd5 16.Qc2
Qd6 17.Qa4 Bb7 18.d4 Rfd8 19.g4 cxd4 20.cxd4 Nxd4 21.Nh5 gxh5 22.Bxd4 Bc6
23.Qa3 Qxa3 {#R} 0-1

[Event "It (open) (juniors) (under 10)"]
[Site "masterchessopen.com Bento Goncalves (Brazil)"]
[Date "2010.08.03"]
[Round "2"]
[White "Vottero Renzo (ARG)"]
[Black "Caceres Recalde Gonzalo (ARG)"]
[Result "0-1"]
[WhiteElo "1680"]
[BlackElo "1677"]

1.e4 c5 2.Nc3 Nc6 3.g3 g6 4.d3 Bg7 5.Bg2 Rb8 6.Nge2 b5 7.Bf4 d6 8.Rb1 b4 9.Nd5
e6 10.e5 dxe5 11.Nf6+ Bxf6 12.Bxc6+ Bd7 13.Bxd7+ Qxd7 14.Be3 Qd5 15.O-O Ne7
16.Nc1 Rd8 17.Nb3 c4 18.dxc4 Qxc4 19.Qc1 O-O 20.Rd1 {#R} 0-1

[Event "Tournament (open) (seniors)"]
[Site "masterchessopen.com Novosibirsk (Russia)"]
[Date "2010.09.24"]
[Round "1"]
[White "Volkov Petr (RUS)"]
[Black "Migunov Vladislav (RUS)"]
[Result "1-0"]
[WhiteElo "2064"]
[BlackElo "1854"]

1.e4 c5 2.Nc3 Nc6 3.g3 g6 4.Bg2 Bg7 5.d3 e6 6.Be3 b6 7.Qd2 Nge7 8.Bh6 O-O 9.h4
d5 10.h5 f5 11.hxg6 hxg6 12.Bxg7 Kxg7 13.Qh6+ Kf7 14.Qh7+ Ke8 15.exd5 Ne5
16.d6 N7c6 17.Bxc6+ Nxc6 18.Qxg6+ Kd7 19.Rh7+ Kxd6 20.Nb5+ {#r} 1-0

[Event "It (open)"]
[Site "masterchessopen.com Brasilia (Brazil)"]
[Date "2010.11.14"]
[Round "4"]
[White "Sampaio Filho Joao Rodrigues (BRA)"]
[Black "Lutz Igor Oscar (BRA)"]
[Result "0-1"]
[WhiteElo "1812"]
[BlackElo "2058"]

1.e4 c5 2.Nc3 Nc6 3.g3 g6 4.Bg2 Bg7 5.d3 e6 6.Nge2 Nge7 7.O-O O-O 8.f4 d6
9.Bd2 Rb8 10.a4 Nd4 11.Rb1 Nec6 12.Na2 b5 13.c3 Nxe2+ 14.Qxe2 bxa4 15.Qd1 Bd7
16.h4 Qb6 17.Be3 Qb3 18.Nc1 Qxd1 19.Rxd1 Bxc3 {#R} 0-1

[Event "It (open)"]
[Site "masterchessopen.com Berkeley (USA)"]
[Date "2011.01.03"]
[Round "3"]
[White "Gupta Ankit (USA)"]
[Black "Cornejo Max (PER)"]
[Result "0-1"]
[WhiteElo "2209"]
[BlackElo "2395"]

1.e4 c5 2.Nc3 Nc6 3.g3 g6 4.Bg2 Bg7 5.d3 e6 6.f4 Nge7 7.Be3 b6 8.e5 d5 9.exd6
Qxd6 10.Nf3 O-O 11.Qd2 Bb7 12.g4 Nd5 13.O-O Nxe3 14.Qxe3 Rad8 15.Qd2 c4 16.Ne4
Qd7 17.dxc4 Qxd2 18.Nfxd2 f5 19.Ng5 Rxd2 {#R} 0-1

[Event "Ch Pan-American (juniors) (under 16) (g)"]
[Site "masterchessopen.com Cali (Colombia)"]
[Date "2011.07.07"]
[Round "8"]
[White "Herrera Arboleda Kerly Danna"]
[Black "Munoz Laura Alexandra (COL)"]
[Result "1-0"]
[WhiteElo "1868"]
[BlackElo "1914"]

1.e4 c5 2.Nc3 Nc6 3.g3 g6 4.Bg2 Bg7 5.d3 e6 6.f4 Nge7 7.Nf3 a6 8.Qd2 b5 9.Qf2
d6 10.e5 b4 11.Ne4 dxe5 12.fxe5 O-O 13.Nf6+ Kh8 14.Ng5 Qa5 15.Nfxh7 Bb7
16.Nxf8 Rxf8 17.g4 Bh6 18.O-O Bxg5 19.Bxg5 Nd5 20.Bxd5 {#r} 1-0

[Event "Verbandsliga East 2011/12"]
[Site "masterchessopen.com Germany"]
[Date "2012.01.15"]
[Round "5"]
[White "Marzec Ronny"]
[Black "Evers Leo (GER)"]
[Result "0-1"]
[WhiteElo "1915"]
[BlackElo "2035"]

1.e4 c5 2.Nc3 Nc6 3.g3 g6 4.Bg2 Bg7 5.d3 Rb8 6.Be3 b5 7.Rb1 Qa5 8.Ne2 b4 9.Nd5
e6 10.Bf4 exd5 11.Bxb8 Nxb8 12.exd5 b3+ 13.c3 bxa2 14.Ra1 d6 15.Qb3 Nd7
16.Rxa2 Qb6 17.Qa4 a6 18.O-O Nf6 19.d4 O-O 20.dxc5 Nxc5 21.Qc6 Qb8 22.b4 Bd7
{#R} 0-1

[Event "Ch Czech Republic (juniors) (under 14)"]
[Site "masterchessopen.com Kouty nad Desnou (Czech Republic)"]
[Date "2012.03.11"]
[Round "2"]
[White "Filip Vojtech"]
[Black "Kozusek Daniel"]
[Result "0-1"]
[WhiteElo "1821"]
[BlackElo "1846"]

1.e4 c5 2.Nc3 Nc6 3.g3 g6 4.Bg2 Bg7 5.d3 e6 6.Be3 b6 7.f4 Nge7 8.Nf3 d5 9.Bf2
dxe4 10.dxe4 Ba6 11.e5 Qc7 12.Ne4 O-O 13.Nd6 Rad8 14.Nd2 Nxe5 15.fxe5 Bxe5
16.N6e4 f5 17.Ng5 Bxb2 18.Ngf3 Rxd2 19.Qxd2 Bxa1 {#R} 0-1

[Event "It (open)"]
[Site "masterchessopen.com Teplice (Czech Republic)"]
[Date "2012.06.18"]
[Round "3"]
[White "Hadraba Vladimir (CZE)"]
[Black "Bazantova Marie (CZE)"]
[Result "1-0"]
[WhiteElo "2247"]
[BlackElo "1977"]

1.e4 c5 2.Nc3 Nc6 3.g3 g6 4.Bg2 Bg7 5.d3 e6 6.Be3 Nd4 7.Qd2 Ne7 8.Nd1 d6 9.c3
Ndc6 10.Bh6 Bxh6 11.Qxh6 Ng8 12.Qd2 Qf6 13.Ne3 Bd7 14.f4 Nge7 15.Nf3 e5 16.Nd5
Nxd5 17.exd5 Ne7 18.fxe5 dxe5 19.O-O O-O 20.Rae1 Qd6 21.Nxe5 Nxd5 22.Nc4 Qc6
23.Qg5 Bf5 {#r} 1-0

[Event "Ch Costa Rica (team)"]
[Site "masterchessopen.com San Jose (Costa Rica)"]
[Date "2012.07.25"]
[Round "4"]
[White "Castro Garcia Adrian (CRC)"]
[Black "Bermudez Sergio (CRC)"]
[Result "1-0"]
[WhiteElo "1906"]
[BlackElo "2162"]

1.e4 c5 2.Nc3 Nc6 3.g3 g6 4.Bg2 Bg7 5.d3 e5 6.Nh3 Nge7 7.O-O O-O 8.f4 d6 9.f5
gxf5 10.exf5 Bxf5 11.Rxf5 Nxf5 12.Qh5 Nfd4 13.Be4 f5 14.Bd5+ Kh8 15.Ng5 h6
16.Qg6 Nf3+ 17.Bxf3 hxg5 18.Qh5+ {#r} 1-0

[Event "It (open)"]
[Site "masterchessopen.com Dresden (Germany)"]
[Date "2012.08.20"]
[Round "3"]
[White "Steinschuld Jo (NED)"]
[Black "Gerlach Florian (GER)"]
[Result "0-1"]
[WhiteElo "1632"]
[BlackElo "1829"]

1.e4 c5 2.Nc3 Nc6 3.g3 g6 4.Bg2 Bg7 5.d3 e6 6.f4 Nge7 7.Nf3 O-O 8.O-O d5 9.Qe2
b6 10.Nd1 Ba6 11.c3 dxe4 12.Qxe4 Bxd3 {#R} 0-1

[Event "Ch Germany (seniors) (team)"]
[Site "masterchessopen.com Berlin (Germany)"]
[Date "2012.09.14"]
[Round "5"]
[White "Boehm Eckart Dr (GER)"]
[Black "Troeger Rainer (GER)"]
[Result "1-0"]
[WhiteElo "2101"]
[BlackElo "2160"]

1.e4 c5 2.Nc3 Nc6 3.g3 g6 4.Bg2 Bg7 5.d3 e6 6.Be3 Nd4 7.Nce2 Nxe2 8.Nxe2 Bxb2
9.Rb1 Bg7 10.Bxc5 Qa5+ 11.Bb4 Qxa2 12.O-O Qa4 13.Bc3 Bxc3 14.Nxc3 Qa5 15.Nb5
Ke7 16.c4 a6 17.Ra1 axb5 18.Rxa5 Rxa5 19.cxb5 d6 20.Qb3 Bd7 21.Qc3 {#r} 1-0

[Event "Bundesliga 2012/13 (w)"]
[Site "masterchessopen.com Germany"]
[Date "2012.10.07"]
[Round "2"]
[White "Sokalska Viktorija (GER)"]
[Black "Szewczyk Mariusz (POL)"]
[Result "0-1"]
[WhiteElo "2022"]
[BlackElo "2048"]

1.e4 c5 2.Nc3 Nc6 3.g3 g6 4.Bg2 Bg7 5.d3 b6 6.Nge2 Bb7 7.O-O d6 8.Be3 Qd7
9.Qd2 h5 10.Bg5 f6 11.Be3 h4 12.Nd5 e6 13.Bh3 f5 14.Nef4 exd5 15.Nxg6 Ne5
16.Nxe5 dxe5 17.Bxf5 Qf7 18.Rae1 d4 19.Bg5 Bh6 20.f4 hxg3 21.h4 Bxg5 22.fxg5
Rxh4 23.Bg6 Qxg6 {#R} 0-1